The puzzle of Latin American economic development

Guardado en:
Bibliografiske detaljer
Hovedforfatter: Franko, Patrice
Format: Ukendt
Sprog:English
Udgivet: Massachusetts : Rowman and Littlefield Publishers
Tags: Tilføj Tag
Ingen Tags, Vær først til at tagge denne postø!

MARC

LEADER 00000 a2200000 04500
001 40072
003 cru CIDCACS/IIS
005 20170524101822.0
008 050625s2003 mdu eng d
020 |a 0-7425-2466-3  
040 |c cru CIDCACS/IIS 
090 |a 05.03.04 F834p  
100 |a Franko, Patrice  
245 |a The puzzle of Latin American economic development  
260 |a Massachusetts :   |b Rowman and Littlefield Publishers  
300 |a 573 páginas  
500 |a Colección Cambio Social donada por Paul Almeida  
942 |2 ddc  |c LI 
999 |c 10544  |d 10544